000 01268nac a22003010a 4500
001 PT1884
003 AR-LpoUNG
005 20210201004744.0
008 201001s1962||||ag |||||||||||||||||spa d
040 _aAR-LpoUNG
_bspa
_eaacr
041 _aspa
044 _aag
082 0 _a982.023 657 VII
100 1 _aLevene, Ricardo
245 1 0 _aInvestigaciones acerca de la historia económica del Virreinato del Río de La Plata
260 _aBuenos Aires :
_bAcademia Nacional de la Historia,
_c1962.
300 _a542 p. :
_bgráfs.
_3Impreso
520 _aLa obra consta de tres tomos y fueron publicadas con el auspicio de la Comisión Nacional Ejecutiva del 150ª aniversario de la revolución de Mayo. Contiene un anláisis de la obra de Levene realizado por Atilio Cornejo y Carlos Heras, más una bibliografía por Ricardo Rodríguez Molas con su obra. De la obra de Levene propiemente dicha cuenta con investigaciones en torno de la economía y el derecho virreinal.
650 4 _aAMERICA LATINA
650 4 _aANALISIS HISTORICO
650 4 _aHISTORIA
650 4 _aHISTORIA NACIONAL
650 4 _aINVESTIGACION HISTORICA
651 4 _aArgentina
710 2 _aAcademia Nacional de la Historia (Buenos Aires)
905 _a1884
942 _cLIB
999 _c47457
_d47457